000 00304nam a22001337a 4500
008 181004b xxu||||| |||| 00| 0 eng d
020 _a9780195088786
041 _aeng
080 _a341
100 _a15
101 _aSHJ
245 _aThe Oxford Companion to American Law
_cHall,K.L
942 _2udc
_cBK
999 _c48867
_d48867